000
00360nam a2200169Ia 4500
005
20250423095458.0
008
250422s9999 xx 000 0 und d
020
_a
9781409513100
050
_a
PR 9387 .B76/
100
_a
Brook, H.
245
0
_a
Gangsters,
260
_a
England
260
_b
Usborne
260
_c
2007
300
_a
157 p
942
_c
BK
999
_c
30398
_d
30398